Wen miao li yue zhai yao /

Saved in:
Bibliographic Details
Main Author: Ye, Boying.
Format: Book
Language:Chinese
Published: Xi'an, 1885?]
Subjects:
Tags: Add Tag
No Tags, Be the first to tag this record!
LEADER 00698cam a2200229ui 4500
001 007739059-8
005 20024617112705.0
008 980316s1885 cc a 000 0 chi d
035 0 |a ocm38726673 
040 |a *YNH*  |c *YNH*  |d CStRLIN 
100 1 |6 880-01  |a Ye, Boying. 
245 1 0 |6 880-02  |a Wen miao li yue zhai yao /  |c [Ye Boying bian. 
260 |6 880-03  |a Xi'an,  |c 1885?] 
300 |a 4 v. (double leaves) :  |b ill. ;  |c 28 cm. 
500 |a Imprint date from preface. 
650 0 |a Rites and ceremonies  |z China. 
600 0 0 |a Confucius  |x Cult. 
880 1 |6 100-01  |a 葉伯英. 
880 1 0 |6 245-02  |a 文廟禮樂摘要 /  |c [葉伯英編. 
880 |6 260-03  |a 西安,  |c 1885?] 
988 |a 20021121 
906 |0 MH